Đông tây y thường thức Sử dụng thuốc trong cấp cứu

Salvato in:
Dettagli Bibliografici
Autore principale: Lê Thanh Vân
Natura: Libro
Lingua:Undetermined
Pubblicazione: Long An Nxb. Long An 1992
Soggetti:
Tags: Aggiungi Tag
Nessun Tag, puoi essere il primo ad aggiungerne! !
Thư viện lưu trữ: Trung tâm Học liệu Trường Đại học Cần Thơ
LEADER 00520nam a2200181Ia 4500
001 CTU_7426
008 210402s9999 xx 000 0 und d
082 |a 615.703 
082 |b V121 
100 |a Lê Thanh Vân 
245 0 |a Đông tây y thường thức 
245 0 |b Sử dụng thuốc trong cấp cứu 
245 0 |c Lê Thanh Vân 
260 |a Long An 
260 |b Nxb. Long An 
260 |c 1992 
650 |a drugs,folk medicine 
980 |a Trung tâm Học liệu Trường Đại học Cần Thơ